| 000 | 00367nam a2200145Ia 4500 | ||
|---|---|---|---|
| 005 | 20251222144922.0 | ||
| 008 | 251222s9999||||xx |||||||||||||| ||spa|| | ||
| 020 | _a9972816486 | ||
| 082 | _a234.5/A69 | ||
| 100 | _aArens, Eduardo | ||
| 245 | 0 | _a¡Estén reconciliados con Dios!: | |
| 250 | _a1ra. ed. | ||
| 264 | _bCentro de Estudios y Publicaciones | ||
| 942 | _cLIB | ||
| 999 |
_c22744 _d22744 |
||